Library of the University of Algiers 3
Ibrahim Sultan Cheibout
شعار جامعة الجزائر 3
مكتبة جامعة الجزائر 3
إبراهيم سلطان شيبوط

النقود والمصارف والنظرية النقدية / (رقم التسجيلة. 42030)

تفاصيل مارك
000 -LEADER
fixed length control field 01757nam a2200229Ia 4500
003 - CONTROL NUMBER IDENTIFIER
control field Ost
005 - DATE AND TIME OF LATEST TRANSACTION
control field 20260507074956.0
008 - FIXED-LENGTH DATA ELEMENTS--GENERAL INFORMATION
fixed length control field 260507s9999||||xx |||||||||||||| ||und||
040 ## - CATALOGING SOURCE
Transcribing agency fsecg
041 ## - LANGUAGE CODE
Language code of text/sound track or separate title ara
082 ## - DEWEY DECIMAL CLASSIFICATION NUMBER
Classification number 332.1
100 ## - MAIN ENTRY--PERSONAL NAME
Personal name الشمري، ناظم محمد نوري
Relator term مؤلف
245 #0 - TITLE STATEMENT
Title النقود والمصارف والنظرية النقدية /
Statement of responsibility, etc. ناظم محمد نوري الشمري
250 ## - EDITION STATEMENT
Edition statement طبعة 2(منقحة ومزيدة)
260 ## - PUBLICATION, DISTRIBUTION, ETC.
Place of publication, distribution, etc. عمان:
Name of publisher, distributor, etc. دار زهران للنشر,
Date of publication, distribution, etc. 2006
300 ## - PHYSICAL DESCRIPTION
Extent 481 صفحة؛
Other physical details إيضاحات ؛
Dimensions 25 سم
504 ## - BIBLIOGRAPHY, ETC. NOTE
Bibliography, etc. note ببليوغرافيا:ص.475-481
520 ## - SUMMARY, ETC.
Summary, etc. في النقود؛نشأة النقود ووظائفها؛النظم والقواعد النقدية،قيمة النقود وتغيرها،في المصارف،الائتمان في الانظمة الاقتصادية المختلفة،أنواع الائتمان المصرفي ووظائفه،الجهاز المصرفي،النشاط الائتماني للمصارف التجارية،المصارف المركزية والمؤسسات المالية الوسيطة،مفهوم وانواع عرض النقد ومحدداته،في السياسة والنظريات النقدية،النظرية النقدية الكلاسيكية،النظرية النقدية الكينزية،أهم الاضافات على النظريات النقدية السابقة،الطلب على النقود،اهم المشكلات الاقتصادية والنقدية المعاصرة،السياسة النقدية والنشاط الاقتصادي،السياسة المالية والسياسة النقدية
653 ## - INDEX TERM--UNCONTROLLED
Uncontrolled term السياسة المالية
653 ## - INDEX TERM--UNCONTROLLED
Uncontrolled term النقود
942 ## - ADDED ENTRY ELEMENTS (KOHA)
Koha item type كتب
المقتنيات
Withdrawn status Lost status Source of classification or shelving scheme Damaged status Not for loan Home library Current library Date acquired Serial enumeration / chronology Inventory number Total checkouts Full call number Barcode Date last seen Price effective from Koha item type
    Dewey Decimal Classification   Available مكتبة كلية العلوم الإقتصادية والعلوم التجارية وعلوم التسيير مكتبة كلية العلوم الإقتصادية والعلوم التجارية وعلوم التسيير 07/05/2026 الطابق الأرضي 2102/1   أ/2564ن1 2102/1 07/05/2026 07/05/2026 كتب
    Dewey Decimal Classification   Available مكتبة كلية العلوم الإقتصادية والعلوم التجارية وعلوم التسيير مكتبة كلية العلوم الإقتصادية والعلوم التجارية وعلوم التسيير 07/05/2026 الطابق الأرضي 2102/2   أ/2564ن2 2102/2 07/05/2026 07/05/2026 كتب
    Dewey Decimal Classification   Available مكتبة كلية العلوم الإقتصادية والعلوم التجارية وعلوم التسيير مكتبة كلية العلوم الإقتصادية والعلوم التجارية وعلوم التسيير 07/05/2026 الطابق الأرضي 2102/3   أ/2564ن3 2102/3 07/05/2026 07/05/2026 كتب
    Dewey Decimal Classification   Available مكتبة كلية العلوم الإقتصادية والعلوم التجارية وعلوم التسيير مكتبة كلية العلوم الإقتصادية والعلوم التجارية وعلوم التسيير 07/05/2026 الطابق الثاني 2102/4   أ/2564ن4 2102/4 07/05/2026 07/05/2026 كتب
    Dewey Decimal Classification   Available مكتبة كلية العلوم الإقتصادية والعلوم التجارية وعلوم التسيير مكتبة كلية العلوم الإقتصادية والعلوم التجارية وعلوم التسيير 07/05/2026 الطابق الثاني 2102/5   أ/2564ن5 2102/5 07/05/2026 07/05/2026 كتب
    Dewey Decimal Classification   Available مكتبة كلية العلوم الإقتصادية والعلوم التجارية وعلوم التسيير مكتبة كلية العلوم الإقتصادية والعلوم التجارية وعلوم التسيير 07/05/2026 مكتبة بن عكنون 2102/6   أ/2564ن6 2102/6 07/05/2026 07/05/2026 كتب
    Dewey Decimal Classification   Available مكتبة كلية العلوم الإقتصادية والعلوم التجارية وعلوم التسيير مكتبة كلية العلوم الإقتصادية والعلوم التجارية وعلوم التسيير 07/05/2026 مكتبة بن عكنون 2102/7   أ/2564ن7 2102/7 07/05/2026 07/05/2026 كتب
    Dewey Decimal Classification   Available مكتبة كلية العلوم الإقتصادية والعلوم التجارية وعلوم التسيير مكتبة كلية العلوم الإقتصادية والعلوم التجارية وعلوم التسيير 07/05/2026 مكتبة بن عكنون 2102/8   أ/2564ن8 2102/8 07/05/2026 07/05/2026 كتب

موارد الويب المفتوحة


© University of Algiers 3 All Rights Reserved
|
Implemented by LECHELAH Riad